000 00358nam a2200169Ia 4500
100 _aForouzan/B.A
650 _acommunication and networking
250 _a5
942 _cBK
366 _f20
245 _aDatacommunication and networking
260 _bMcGraw Hill
_c2013
082 _a4.65
_bFOR
300 _a1226
546 _aENGLISH
999 _c32003
_d32003